La inviolabilidad de la pesona humana y el Código Civil y Comercial de la Nación (Registro nro. 31605)
[ vista simple ]
| 000 -LEADER | |
|---|---|
| fixed length control field | 00369 a2200109 4500 |
| 001 - CONTROL NUMBER | |
| control field | ART_35060 |
| 005 - DATE AND TIME OF LATEST TRANSACTION | |
| control field | 20260410162005.0 |
| 008 - FIXED-LENGTH DATA ELEMENTS--GENERAL INFORMATION | |
| fixed length control field | 260409a |
| 100 1# - MAIN ENTRY--PERSONAL NAME | |
| Personal name | Tanzi, Silvia Y. |
| 245 10 - TITLE STATEMENT | |
| Title | La inviolabilidad de la pesona humana y el Código Civil y Comercial de la Nación |
| 773 0# - HOST ITEM ENTRY | |
| Title | Temas de derecho civil |
| Related parts | - Año 1, Nº 1 (oct. 2015) |
| Record control number | REV34778 |
No hay ítems disponibles.